00561nam a2200205 a 4500001001300000003000900013005001700022008004100039020001000080082002000090100002100110245004400131260003300175300000900208500003500217505003400252650002500286650002300311700002100334nice12345678IN_TiNIC20260116013804.0050524s1900 dela grp 000 0 eng  ac49000a305.420962bABU aAbu-Lughod, Lila aWriting Women`s Worlds, Bedouin Stories aDelhibDeni Book Depotc1900 a266p aincludes index and biblioraphy2 aBibliography, Glossary, Index aWomen-Bedouin-social aMuslim Women-Egypt1 aAbu-Lughod, Lila